Famous mountains - Statistics

General Stats
  • This quiz has been taken 19 times
  • The average score is 12 of 34
Answer Stats
Height Location Answer % Correct
8,849 m Nepal, China Mount Everest
100%
5,895 m Tanzania Mount Kilimanjaro
100%
3,776 m Japan Mount Fuji
94%
8,611 m Pakistan, China K2
88%
6,190 m Alaska Denali
81%
2,917 m Greece Mount Olympus
81%
4,478 m Switzerland, Italy Matterhorn
75%
5,642 m Russia Mount Elbrus
75%
1,345 m Scotland Ben Nevis
63%
1,345 m Scotland Ben Nevis
63%
6,961 m Argentina Aconcagua
50%
5,137 m Turkey Mount Ararat
50%
4,207 m Hawaii Mauna Kea
38%
4,809 m France, Italy Mount Blanc
38%
6,263 m Ecuador Chimborazo
31%
5,959 m Canada Mount Logan
31%
3,724 m New Zealand Aoraki / Mount Cook
25%
1,084 m South Africa Table Mountain
25%
8,091 m Nepal Annapurna
19%
3,967 m Switzerland Eiger
19%
8,586 m Nepal, India Kanchenjunga
19%
2,228 m Australia Mount Kosciuszko
19%
4,392 m United States Mount Rainier
19%
5,636 m Mexico Pico de Orizaba
19%
463 m Iceland Kirkjufell
6%
5,426 m Mexico Popocatépetl
6%
2,308 m United States El Capitan
0%
4,199 m United States Grand Teton
0%
5,916 m Chile Licancabur
0%
5,199 m Kenya Mont Kenya
0%
3,405 m Argentina, Chile Mount Fitz Roy
0%
2,154 m China Mount Hua
0%
6,714 m China Mount Kailash
0%
2,999 m Italy Tre Cime Di Lavaredo
0%
No matching quizzes found
Score Distribution
Percent of People with Each Score
Percentile by Number Answered
Your Score History
You have not taken this quiz